Statistics for Famous English People

Click here to take the quiz!

General Stats

  • This quiz has been taken 1,915 times
    (1,791 since last reset)
  • The average score is 23 of 30

Answer Stats

CluePerson% Correct
WWII PMWinston Churchill
97%
Princess of Wales who tragically died in 1997Lady Diana
94%
"The Virgin Queen"Elizabeth I
91%
King who had six wivesHenry VIII
91%
The "Iron Lady"Margaret Thatcher
91%
Longest-reigning female monarchVictoria
90%
Playwright nicknamed "The Bard"William Shakespeare
90%
Discovered EvolutionCharles Darwin
88%
Yoko Ono's ex-husbandJohn Lennon
86%
Struck by a falling appleIsaac Newton
84%
Archer who lives in Sherwood ForestRobin Hood
84%
Wrote Candle in the Wind for Marilyn MonroeElton John
80%
James Bond actor in SkyfallDaniel Craig
79%
Current PMDavid Cameron
78%
Has his statue on Trafalgar SquareHoratio Nelson
78%
Mr. BeanRowan Atkinson
77%
Harry Potter actorDaniel Radcliffe
76%
Spice boyDavid Beckham
74%
Director of Psycho and The BirdsAlfred Hitchcock
71%
Author of The HobbitJ.R.R. Tolkien
71%
Rich businessman who founded VirginRichard Branson
70%
A Tale of Two CitiesCharles Dickens
69%
"The Lady with the Lamp"Florence Nightingale
67%
Lord Protector of England (1653-1658)Oliver Cromwell
67%
Creator of Miss MarpleAgatha Christie
64%
Breakfast at Tiffany's actressAudrey Hepburn
63%
2008 and 2014 F1 World ChampionLewis Hamilton
62%
Glam rocker. Two different eyes.David Bowie
59%
The Great DictatorCharlie Chaplin
49%
Called Hawaii the "Sandwich Islands"James Cook
48%

Score Distribution

Percentile by Number Answered

Percent of People with Each Score

Your Score History

You have not taken this quiz since the last reset